000 00881nam0a22002291i 4500
001 rc\3540583
005 20240723190531.0
021 _aRU
_b[74-22319а]
035 _a(NLR Aleph) 007633650
090 _a6050062
_c6050062
100 _a20130115d1974 |||y0rusy50 ca
101 0 _arus
102 _aRU
105 _ay d |||||
200 1 _aТрифтонги в современном английском языке
_e(Эксперим.-фонет. исследование)
_eАвтореф. дис. на соиск. учен. степени канд. филол. наук
_e(10.02.04)
_fЛенингр. гос. ун-т им. А.А. Жданова
210 _aЛенинград
_d1974
215 _a15 с.
700 1 _aВолкова
_bР.В.
_gРимма Викторовна
801 0 _aRU
_bNLR
_gpsbo
801 1 _aRU
_bELAR
_2rusmarc
852 _aNLR
_j74-6/4851
942 _cBOOK